zpět

Detail výsledku týmu

Kentaur ST, Brno

Datum a čas kvízu

22.5 Celkem bodů Celkový počet nahraných bodů na tomto kvízu bez doplňovacích otázek.
6. Pořadí na kvízu Konečné umístění týmu na tomto kvízu.

Zaznamenané odpovědi

# Otázka Odpověď Body Výsledky
1. Prorektor Univerzity Karlovy ú... Aleš Gerloch 1
2. Prezident Kazachstánu, který b... Nursultan Nazarbajev 0
3. Na první jarní den měla premié... LOVEní 0
4. Novou odrůdu meruněk jménem So... šarka 0
5. Jak se jmenuje muž, který byl... Tomáš Vaclík 0
6. Dnešní cestovatelské téma se b... Córdoba 0
7. Terminál letiště a mnoho další... Pablo Picasso 1
8. Ze hry Osvobozeného divadla Ru... Sevilla (v Seville) 0
9. Jak se jmenuje antický hrdina,... Héraklés (též Herkules) 0
10. Na obrázku vidíte radnici v př... Juan Carlos I. 0